Tibulle et les auteurs du Corpus Tibullianum
Uloženo v:
| Médium: | Kniha |
|---|---|
| Jazyk: | francouzština latina |
| Vydáno: |
París
Les Belles Lettres
1926
|
| Edice: | Collection des Universités de France
|
| Témata: | |
| Tagy: |
Přidat tag
Žádné tagy, Buďte první, kdo vytvoří štítek k tomuto záznamu!
|
MARC
| LEADER | 00000nam a2200000 a 4500 | ||
|---|---|---|---|
| 001 | UCO5845 | ||
| 003 | CL-VaPUC | ||
| 008 | 000915e19260000FR |||||||||||||||||fre|d | ||
| 041 | 0 | 7 | |a fre |2 CL-VaPUC |
| 041 | 0 | 7 | |a lat |2 CL-VaPUC |
| 082 | 0 | 4 | |a 871 |b TIB |2 21 |
| 245 | 1 | 0 | |a Tibulle et les auteurs du Corpus Tibullianum |
| 300 | |a 195 p | ||
| 942 | |c BK | ||
| 945 | |d 20000915 00:00:00 |a crobeson | ||
| 260 | |a París |b Les Belles Lettres |c 1926 | ||
| 600 | 0 | 7 | |a TIBULO, ALBIO |2 CL-VaPUC |9 450649 |
| 650 | 7 | |a POESIAS LATINAS |2 CL-VaPUC |9 450650 | |
| 650 | 0 | |a Literatura latina |9 258055 | |
| 583 | |a last modification |c 20000915 00:00:00 |k Rodrigo Vera | ||
| 490 | 0 | |a Collection des Universités de France | |
| 999 | |c 291675 |d 291673 | ||
| 952 | |0 0 |1 0 |4 0 |6 871_000000000000000_TIB_1926 |7 0 |8 X |9 341745 |a BIBART |b BIBART |d 2019-11-20 |i 1223917 |o 871 TIB 1926 |p 1223917 |r 2025-03-13 |w 2019-11-20 |y BK_X |k ART | ||